Bullock cart or the Tjikar as road destroyer (Record no. 45788)

MARC details
000 -LEADER
fixed length control field 00315nam a2200109Ia 4500
100 ## - MAIN ENTRY--AUTHOR NAME
Personal name Poldervaart A
245 #0 - TITLE STATEMENT
Title Bullock cart or the Tjikar as road destroyer
260 ## - PUBLICATION, DISTRIBUTION, ETC. (IMPRINT)
Name of publisher Pamphlet (translated from the journal De Bergcultures)
Year of publication 1938
300 ## - PHYSICAL DESCRIPTION
Number of Pages 28p
942 ## - ADDED ENTRY ELEMENTS (KOHA)
Koha item type Reprints
Holdings
Withdrawn status Lost status Damaged status Not for loan Home library Current library Date acquired Serial Enumeration / chronology Koha item type
      Reprints RRII Library RRII Library 22/12/2021 Volume 20-Aug, Issue Reprints